00500nam a2200193 a 4500001001300000003000900013005001700022008004100039020000800080082001700088100002400105245004600129260002800175300000900203500003500212505002200247650001300269700002400282nice12345678IN_TiNIC20260116011906.0050524s1966 hyda grp 000 0 urd  ac200a297.63bSHA1 aShareef, Mohd Afzal aBasharat-E-Muhammad Mustafa Ahmad Mujtaba aHyderabadbAuthorc1966 a166p aincludes index and biblioraphy2 aVarious Documents aMuhammad1 aShareef, Mohd Afzal